000 00573nam a2200181 i 4500
001 99074
003 ES-MaACL
005 20230906182432.0
007 t|
008 051118s1992 pr |||| | spa d
080 _a811.134.2(729.5)
100 1 _aPalau, Awilda.
_988484
245 1 0 _aEpílogo a un nuevo prólogo
_b: la batalla por la reafirmación del idioma español /
_cAwilda Palau.
260 _aSan Juan, Puerto Rico :
_bAwilda Palau,
_c1992.
300 _aXII, 142 p. ;
_c24 cm.
650 4 _aLengua española-
_zPuerto Rico.
_914180
852 _aES-MaACL
_jE-11043
999 _c99074
_d99074